000 00733nas a2200241 4500
001 BR0808036
003 BR-BrBNA
005 20231205112801.0
007 ta
008 230509b bl.|||p| |||| 00| 00por d
040 _aBR-BrBNA
_bpor
_cBiblioteca Nacional de Agricultura
041 _a(Pt)
072 _aL50
100 1 _aAmaral, R.C. do
100 1 _aBombonato, P.P
245 1 _aPontes de miocárdio em cães: 1-freqüência e largura
650 _aCÃO
650 _aBIOLOGIA ANIMAL
650 _aMIOCÁRDIO
773 0 _tBrazilian Journal of Veterinary Research and Animal Science (Brazil)
_xISSN 1413-9596
_g(1996), v. 33(3) p. 153-159
_wBR0808036
909 _a202311
_bLúcia
_c55
_dLúcia Elande
942 _2AGRIS
_n0
_cANA
999 _c199964
_d199964